Statistics for Biggest Asian cities by language

Click here to take the quiz!

General Stats

  • This quiz has been taken 946 times
  • The average score is 31 of 65

Answer Stats

LanguagePopulationHistorical DialectCity% Correct
Mandarin20,900,000Standard/Prestige DialectBĕijīng
99%
Wu40,000,000Su-Jia-HuShànghăi
96%
Hindi33,400,000Khari BoliDelhi
95%
Marathi26,600,000Marathi-KonkaniMumbai
93%
Japanese40,800,000Yamanote kotobaTōkyō
89%
Korean24,900,000GyeonggiSeoul
88%
Turkish16,100,000Standardİstanbul
85%
Bengali17,400,000RarhiKolkata
85%
Japanese17,700,000Kansai-benŌsaka
85%
Bengali21,300,000KuttiDhaka
84%
Vietnamese7,000,000NorthernHà Nội
84%
Vietnamese13,500,000SouthernHồ Chí Minh City
83%
Turkish5,200,000Orta AnadoluAnkara
82%
Arabic9,150,000NajdiAr-Riyāḍ
78%
Mandarin11,800,000HankouWŭhàn
78%
Korean4,000,000GyeongsangBusan
76%
Tamil12,200,000Madras BashaiChennai
75%
Korean2,975,000PyeonganP'yŏngyang
75%
Arabic7,500,000AamiyahBaghdād
71%
Telugu11,100,000TelanganaHyderābād
71%
Punjabi14,400,000MajhiLāhore
70%
Japanese2,500,000Hokkaido-benSapporo
69%
Mandarin12,300,000GuanzhongXī'ān
69%
Turkish3,025,000Egeİzmir
68%
Arabic5,850,000KhaleejiDubayy
67%
Japanese10,500,000Owari-benNagoya
67%
Mandarin16,600,000SichuaneseChéngdū
65%
Arabic5,500,000Sedentary LevantineAmmān
59%
Arabic4,200,000HejaziJiddah
58%
Mandarin11,400,000JiluTiānjīn
58%
Bengali4,650,000ChatgaiyaChittagong
57%
Marathi7,550,000DeshiPune
52%
Punjabi3,725,000PothwariRāwalpindi-Islāmābād
51%
Hindi4,275,000DhundhaiJaipur
48%
Japanese2,800,000Hakata-benFukuoka
45%
Hindi4,000,000AwadhiLucknow
45%
Wu13,400,000TaihuHángzhōu
43%
Vietnamese1,430,000SouthernĐà Nẵng
41%
Korean2,750,000GyeongsangDaegu
37%
Turkish2,175,000StandardBursa
35%
Punjabi3,950,000MajhiFaisalābād
30%
Marathi3,450,000VarhadiNāgpur
26%
Turkish1,780,000LazAdana
25%
Hindi3,600,000AwadhiKānpur
24%
Hindi3,525,000MalviIndore
23%
Korean1,630,000JeollaGwangju
21%
Wu7,100,000YongjiangNíngbō
19%
Wu5,100,000OujiangWēnzhōu
18%
Tamil2,925,000KonguCoimbatore
17%
Vietnamese1,420,000NorthernHải Phòng
17%
Punjabi3,075,000MajhiGujrānwāla
14%
Punjabi2,575,000PuadhiChandīgarh
13%
Tamil1,890,000InkuttuMadurai
12%
Telugu2,350,000UttarandhraVisākhapatnam
12%
Vietnamese812,000SouthernCần Thơ
10%
Bengali1,140,000BangaliKhulna
9%
Marathi2,275,000KhandeshiNāshik
9%
Telugu2,225,000KostandhraVijayawāda
8%
Wu3,250,000ShadiNántōng
7%
Marathi1,970,000MarathwadiAurangābād
6%
Tamil1,270,000CentralTiruchirāppalli
6%
Bengali1,690,000ManbhumiĀsansol
5%
Tamil1,540,000KonguTiruppūr
4%
Telugu670,000KostandhraGuntur
3%
Telugu1,050,000TelanganaWarangal
3%

Score Distribution

Percentile by Number Answered

Percent of People with Each Score

Your Score History

You have not taken this quiz